000 00228 a2200097 4500
001 47291
100 _aWarlimont, W
245 _aInsid Hitler's HQ 1939-45
260 _aLondon
_bWeidenfeld & Nicolson
_c
090 _c30331
_d30331
942 _aNUST-CAE
_cM
_c22594
999 _c282364
_d282364